Regulating Investor Protection under EU Law The Unbridgeable Gaps with the U.S. and the Way Forward /

This book analyzes the legal system for the protection of retail investors under the European Union law of investment services. It identifies the regulatory leitmotiv driving the EU lawmaker and ascertains whether and to what extent such a system is self-sufficient, using a set of EU-made and EU-enf...

Πλήρης περιγραφή

Λεπτομέρειες βιβλιογραφικής εγγραφής
Κύριος συγγραφέας: Marcacci, Antonio (Συγγραφέας, http://id.loc.gov/vocabulary/relators/aut)
Συγγραφή απο Οργανισμό/Αρχή: SpringerLink (Online service)
Μορφή: Ηλεκτρονική πηγή Ηλ. βιβλίο
Γλώσσα:English
Έκδοση: Cham : Springer International Publishing : Imprint: Palgrave Macmillan, 2018.
Έκδοση:1st ed. 2018.
Θέματα:
Διαθέσιμο Online:Full Text via HEAL-Link
LEADER 03923nam a2200469 4500
001 978-3-319-90297-5
003 DE-He213
005 20191025122938.0
007 cr nn 008mamaa
008 180627s2018 gw | s |||| 0|eng d
020 |a 9783319902975  |9 978-3-319-90297-5 
024 7 |a 10.1007/978-3-319-90297-5  |2 doi 
040 |d GrThAP 
050 4 |a HG4501-6051 
072 7 |a KFFM  |2 bicssc 
072 7 |a BUS036000  |2 bisacsh 
072 7 |a KFFM  |2 thema 
082 0 4 |a 332.6  |2 23 
100 1 |a Marcacci, Antonio.  |e author.  |4 aut  |4 http://id.loc.gov/vocabulary/relators/aut 
245 1 0 |a Regulating Investor Protection under EU Law  |h [electronic resource] :  |b The Unbridgeable Gaps with the U.S. and the Way Forward /  |c by Antonio Marcacci. 
250 |a 1st ed. 2018. 
264 1 |a Cham :  |b Springer International Publishing :  |b Imprint: Palgrave Macmillan,  |c 2018. 
300 |a XVII, 394 p. 2 illus.  |b online resource. 
336 |a text  |b txt  |2 rdacontent 
337 |a computer  |b c  |2 rdamedia 
338 |a online resource  |b cr  |2 rdacarrier 
347 |a text file  |b PDF  |2 rda 
505 0 |a Introduction -- Chapter One: Towards a European Investor Protection Law -- First Part: The Law on the Books -- Chapter Two: The Evolution of the EU Law of Financial Markets -- Chapter Three: The Relationship Between an Investment Service Provider and a Retail Investor: EU and US compared -- Second Part: The Law in Action -- Chapter Four: Public Enforcement -- Chapter Five: Private Enforcement -- Chapter Six: The Compliance Function as Embedder of the Law-on-the-Book and as Enforcement Frontliner -- Chapter 7. Conclusions: The Unbridgeable Gaps with the US and the Emergence of an Increasingly Self-Sufficient EU Regulatory Investor Protection Law. 
520 |a This book analyzes the legal system for the protection of retail investors under the European Union law of investment services. It identifies the regulatory leitmotiv driving the EU lawmaker and ascertains whether and to what extent such a system is self-sufficient, using a set of EU-made and EU-enforced rules that is essentially different and autonomous from the domestic legal orders. In this regard, the book takes a double perspective: comparative and intra-firm. Given the federal dimension of the US legal system and, thus, the "role-model" it plays vis-à-vis the EU, the book compares the two systems. To fully highlight the existing gaps and measure how self-sufficient the EU system is against its American counterpart, the Union/Federal level as such is analyzed - i.e., detached from the national (in EU terms) and State (in US terms) level. Regulating Investor Protection under EU Law also showcases the unique intra-firm perspective from a European investment firm and analyzes how EU-produced public-law rules become a set of compliance requirements for investment services providers. This "within-the-firm" angle gauges the self-sufficiency of the EU system of retail investor protection from the standpoint of an EU-regulated entity. The book is intended for both compliance professionals and academic scholars interested in this topic while also including illustrative sections intended to provide a broader regulatory view for less-experienced readers. 
650 0 |a Investment banking. 
650 0 |a Securities. 
650 0 |a Public finance. 
650 1 4 |a Investments and Securities.  |0 http://scigraph.springernature.com/things/product-market-codes/626020 
650 2 4 |a Financial Law/Fiscal Law.  |0 http://scigraph.springernature.com/things/product-market-codes/R17044 
710 2 |a SpringerLink (Online service) 
773 0 |t Springer eBooks 
776 0 8 |i Printed edition:  |z 9783319902968 
776 0 8 |i Printed edition:  |z 9783319902982 
776 0 8 |i Printed edition:  |z 9783030079857 
856 4 0 |u https://doi.org/10.1007/978-3-319-90297-5  |z Full Text via HEAL-Link 
912 |a ZDB-2-ECF 
950 |a Economics and Finance (Springer-41170)